000 00681nam a22002177a 4500
999 _c36599
_d36599
003 OSt
005 20251107130903.0
008 251107b ||||| |||| 00| 0 spa d
020 _a980-317-039-2
040 _cBiblioteca Ernesto Sábato
092 _a331.481
_bC434
_eBMB
100 _aChaney, Elsa M., ed.
245 _aMuchacha, cachifa, criada, empleada, empregadinha, sirvienta y... más nada
_b: trabajadoras domésticas en América Latina y el Caribe
250 _a1a. ed.
260 _a Filadelfia
_bNueva Sociedad
300 _a420 p.
650 _aSERVICIO DOMESTICO
650 _aHOGAR-TRABAJADORAS DEL
700 _aGarcía Castro, Mary, ed.
942 _2ddc
_cBMB